Normal view
MARC view
- Psicología social
Entry Materia
001 - NÚMERO DE CONTROL DEL REGISTRO
- campo de control: 5735
003 - IDENTIFICADOR DE NUMERO DE CONTROL
- campo de control: MX-MxUPN
005 - FECHA Y HORA DE LA ÚLTIMA TRANSACCIÓN
- campo de control: 20241031095733.0
008 - DATOS DE LONGITUD FIJA
- campo de control de longitud fija: 241031n||acnnnbabn n ana |d
035 ## - NÚMERO DE CONTROL DEL SISTEMA
- Número de control del sistema: UPN10000005735
040 ## - FUENTE DE LA CATALOGACIÓN
- Lengua de catalogación: spa
- Agencia de transcripción: MX-MxUPN
- Centro catalogador de origen: MX-MxUPN
150 ## - ENCABEZAMIENTO - TEMÁTICO
- Término de materia o nombre geográfico como elemento inicial: Psicología social
- Subdivisión geográfica: México
670 ## - FUENTE EN LA QUE SE LOCALIZARON DATOS
- Cita de la fuente: Autoridades BGTQ, 31 octubre 2024 :
- Información localizada: (Psicología social -- México)
- Identificador Uniforme del Recurso: https://lccn.loc.gov/no98094334
902 ## - CATALOGADOR
- Catalogador: MMA/020207
- Catalogador: MaríaRobles/301024
